Statistiques concernant Éléments chimiques #3: Lithium

Cliquez ici pour prendre le quiz!

Statistiques générales

  • Ce quiz a été pris 12 fois
  • Le résultat moyen est 12 sur 26

Statistiques - réponses

QuestionsRéponses% Correct
Nombre de proton:3
100%
Capacité thermique:3,6 J/g/K
100%
Symbole de l’élément:Li
100%
Ion simple:Li+
100%
Nom en anglais:Lithium
100%
Abondance dans l’Univers:0,00023%
60%
Électronégativité d’après Pauling:0,98
60%
Abondance dans le corps humain:1.0E-7%
60%
Abondance dans le Système Solaire:1.86E-7%
60%
Nombre d’isotopes stables:2
60%
Volume molaire:13 cm3/mole
50%
Nombre d’isotopes:7
50%
Famille:Métaux alcalins
40%
Étymologie du nom:LithosPierre
40%
Date de découverte:1871
30%
Conductivité thermique:84,7 W/m/K
30%
Type de charge:Cation
30%
Couché électronique:1s2 2s1
20%
Affinité électronique:59,6 kJ/mol
20%
Structure cristalline principale:Cubique centrée
20%
Point d’ébullition:1620 K | 1346,9 °C | 2456,3 °F
10%
Point de fusion:453,69 K | 180,5 °C | 357 °F
10%
Énergie d’ionisation:520,2 kJ/mol
10%
Masse volumique:534 kg/m³
10%
Masse molaire:6,94 g/mol
10%
Découvreur:Johan August Arfwedson
10%

Distribution des résultats

Percentile par nombre de réponses

% des personnes avec chaque résultat

Votre développement - résultats

Vous n’avez pas pris ce quiz